महा अरण्य की माँ (Record no. 29738)

MARC details
000 -LEADER
fixed length control field 00326nam a22001217a 4500
003 - CONTROL NUMBER IDENTIFIER
control field SGT
082 ## - DEWEY DECIMAL CLASSIFICATION NUMBER
Classification number 891.4309
Item number M98C
100 ## - MAIN ENTRY--PERSONAL NAME
Personal name चौबे, कृपाशंकर
245 ## - TITLE STATEMENT
Title महा अरण्य की माँ
260 ## - PUBLICATION, DISTRIBUTION, ETC. (IMPRINT)
Name of publisher, distributor, etc अदाकार प्रकाशन
Year of Publication 1998
300 ## - PAGE DESCRIPTION
No. of Pages 112
942 ## - ADDED ENTRY ELEMENTS (KOHA)
Source of classification or shelving scheme Dewey Decimal Classification
Koha item type Books
Holdings
Withdrawn status Lost status Source of classification or shelving scheme Damaged status Not for loan Home library Current library Shelving location Date acquired SGTU Total Checkouts Full call number Accession No. (Barcode) Date last seen Bill Date Koha item type
    Dewey Decimal Classification   Not For Loan SGT Chancellor's Library SGT Chancellor's Library Reference Book 08/02/2025 SGTU   891.4309 M98C CH2295 08/02/2025 08/02/2025 Books